000 01163cam a2200313 a 4500
999 _c21105
_d21105
001 1049660
003 OSt
005 20200615133510.0
008 900202s1989 ii b 001 0 eng
010 _a 89905665
020 _a8170222826 :
_cRs175.00 ($35.00 U.S.)
025 _aI E 61005
040 _aDLC
_coclc
_dDLC
043 _aa-ii---
050 0 0 _aBL2747.8
_b.M384 1989
082 0 0 _a306.6095483
_bMAT/C
100 _aMathew, George
_d1943-
_92911
245 1 0 _aCommunal road to a secular Kerala /
_cGeorge Mathew
260 _aNew Delhi :
_bConcept Pub. Co.,
_c1989.
300 _axiii, 239 p. ;
_c22 cm.
500 _aRevision of the author's thesis (Ph. D.--Jawaharlal Nehru University, 1980).
500 _aBased on empirical data relating to Travancore, Kerala.
504 _aIncludes bibliographical references (p. [215]-233)
650 0 _aReligion and sociology
_zIndia
_zKerala.
651 0 _aKerala (India)
_xSocial conditions.
906 _a7
_bcbc
_corignew
_d3
_encip
_f19
_gy-gencatlg
942 _2ddc
_cBK
_h306.6095483
_iMAT/C
_k306.6095483
_mMAT/C